[Event "WYCC U16g"]
[Site "Porto Carras"]
[Date "2015.11.04"]
[Round "10.5"]
[White "Zhou, Qiyu"]
[Black "Aakanksha, Hagawane"]
[Result "1-0"]
[WhiteElo "2328"]
[BlackElo "2061"]
[Annotator "Gergely Szabo"]
[PlyCount "59"]
[EventDate "2015.10.26"]
[EventType "swiss"]
[EventRounds "11"]
[EventCountry "GRE"]
[SourceTitle "Chess Canada - Ketchup 1"]
[SourceDate "2017.03.23"]

1. e4 e6 2. d4 d5 3. Nc3 Nf6 4. Bg5 Bb4 5. e5 h6 6. Bh4 $5 {Diagram [#] A line
which has more venom in it than it seems at first glance. When Qiyu showed me
this for the first time, I thought something like "great, another semi-correct
line in which we strive for complications..." But I soon changed my mind, upon
seeing some recent games.} (6. Bd2) ({or} 6. Be3 {are the established lines.})
6... g5 7. Bg3 Ne4 8. Nge2 {Black is at a crossroad here:} f5 (8... h5 9. f3
Nxg3 {Diagram [#]} 10. hxg3 (10. Nxg3 c5 11. a3 Bxc3+ 12. bxc3 Qa5 13. Qd2 Nc6
14. Rb1 $6 (14. h4 $5) 14... Qxa3 15. Bd3 {but} h4 $1 (15... cxd4 16. cxd4 Nxd4
17. O-O Qe7 18. Qc3 Nc6 19. Bb5 d4 $4 20. Bxc6+ Kf8 21. Qc4 {gave White a
quick victory in Karpatchev,A (2472)-Wichmann,C (2363) Bad Woerishofen, 2015.})
16. O-O $5 c4 17. Ra1 Qe7 $17 {casts serious doubt on the correctness of
White's concept.}) 10... Bd7 11. Qd2 Be7 12. g4 (12. f4 $5 {was our pre-game
preparation, considering that Black's bishop pair is currently held at bay by
White's space advantage and the closed center.}) 12... h4 13. g3 c5 14. gxh4
Nc6 15. Qe3 Qb8 16. O-O-O cxd4 17. Nxd4 Qxe5 18. Qxe5 Nxe5 $15 {was better for
Black in Stukopin,A (2572)-Nakamura,H (2816) Las Vegas, 2015 (0-1, 34).}) (8...
c5 9. a3 Bxc3+ 10. Nxc3 {Analysis Diagram [#]} Qa5 (10... Nxc3 11. bxc3 Qa5 12.
Qd2 Nc6 (12... b6 13. h4 Rg8 14. hxg5 (14. dxc5 $5 {is a possible improvement
here, as suggested by the engine.}) 14... hxg5 15. c4 Qxd2+ 16. Kxd2 cxd4 17.
cxd5 exd5 18. a4 Ba6 19. Bb5+ Bxb5 20. axb5 Nd7 21. Rh6 Ke7 {was played with
mutual chances in Kovchan,A (2576)-Adla,D (2451) La Roda, 2015 (½-½, 67).})
13. dxc5 Qxc5 14. h4 Rg8 15. hxg5 hxg5 16. c4 dxc4 17. Rd1 Qxa3 18. Bxc4 (18.
Be2 $5) 18... Qb4 19. Qxb4 Nxb4 20. Bb5+ Ke7 21. f4 a6 22. Be2 Bd7 23. fxg5
Nxc2+ 24. Kf2 Bc6 $132 {looked like a mess in Kovchan,A (2576)-Arun Prasad,S 
(2502) Cappelle la Grande, 2015 (½-½, 101).}) 11. dxc5 Nxc3 (11... Nc6 12.
Bb5 Nxc3 13. Bxc6+ bxc6 14. Qd2 Qxc5 15. Qxc3 Qxc3+ 16. bxc3 Rb8 17. h4 Rg8 18.
Kd2 Rb6 19. hxg5 hxg5 20. f3 $14 {is slightly more pleasant for White, as in
Novoselski,Z (2365)-Antic,D (2457) Kragujevac SRB, 2015 (0-1, 46)}) 12. Qd2 Nc6
13. Qxc3 Qxc3+ 14. bxc3 Bd7 15. h4 O-O-O 16. f3 d4 17. cxd4 Nxd4 18. O-O-O Nf5
19. Bf2 $16 {definitely didn't appeal to Black, although he managed to draw in
Popov,I (2651)-Demidov,M (2498) Loo RUS, 2014 (½-½, 43).}) 9. f3 Nxc3 (9...
Nxg3 10. hxg3 {Analysis Diagram [#]} h5 (10... Bd7 11. a3 Bxc3+ 12. Nxc3 Nc6
13. f4 g4 14. Qd2 Qe7 15. Nd1 O-O-O 16. Ne3 h5 17. O-O-O $14 {This looks like
a long and painful defence for Black, who couldn't resist in Onischuk,V (2614)
-Volkov,S (2599) Al-Ain UAE 2014, (1-0, 37).}) (10... c5 $6 11. a3 Bxc3+ 12.
Nxc3 Bd7 13. dxc5 Qc7 14. f4 Qxc5 15. Qh5+ Kd8 16. O-O-O $40 {looked very
scary in Bartel,M (2619)-Piorun,K (2529) Chorzow, 2013 (1-0, 29).}) 11. g4 fxg4
12. fxg4 h4 13. Qd3 Qe7 14. a3 (14. O-O-O Bd7 15. a3 Ba5 16. Ng3 Nc6 17. Nh5
$36 {creates some extra trouble for Black, though.}) 14... Ba5 15. Ng1 Rg8 16.
b4 Bb6 17. Nd1 a5 $132 {was nothing special for White in Mikalsen,E (2161)
-Agdestein,S (2620) Fagernes NOR, 2015 (1-0, 40).}) 10. Nxc3 c5 11. a3 Bxc3+
12. bxc3 Qa5 13. Qd2 Nc6 14. dxc5 Qxc5 {Diagram [#]} 15. h4 $1 {Qiyu uses the
dynamics of the position skillfully; she needs to hurry, since her queenside
pawns are wrecked.} Rg8 16. hxg5 hxg5 17. Rh7 (17. Bf2 $5 Qa5 18. c4 Qxd2+ 19.
Kxd2 dxc4 20. Bxc4 Bd7 21. Rae1 $14 {is the silicon monster's suggestion - but
would you play this as White, if you want to win?}) 17... Bd7 18. f4 O-O-O 19.
fxg5 d4 20. c4 {Diagram [#]} Nxe5 $6 {This is a first step into a wrong
direction.} (20... Be8 21. Bf4 Bg6 22. Rh3 Rg7 {would have led to an exciting
fight - with Qiyu's usual 30 seconds on the clock...}) 21. Qb4 $1 Qxb4+ $2 (
21... Qc7 22. O-O-O Rxg5 {is Black's only chance to fight back, having some
compensation for the exchange after, let's say} 23. Bh4 Nc6 24. Qb5 Rg4 25.
Bxd8 Qxd8) 22. axb4 Ng6 {Diagram [#]} 23. Bd6 $1 {Maybe it doesn't look that
bad, but Black is lost. She has no chance to escape from the beautiful mating
net White's pieces are weaving.} a6 24. c5 Rde8 25. b5 (25. Rxa6 bxa6 26. Bxa6+
Kd8 27. c6 $1 {wins as well}) 25... Rh8 26. bxa6 bxa6 27. Bxa6+ Kd8 28. c6 Reg8
29. Rxd7+ Ke8 30. Bf1 {A great game played by the former Girls U-14 World
Champion!} 1-0

[Event "WYCC U16"]
[Site "Porto Carras"]
[Date "2015.10.29"]
[Round "5.18"]
[White "Zapata Charles, Santiago"]
[Black "Preotu, Razvan"]
[Result "0-1"]
[WhiteElo "2246"]
[BlackElo "2463"]
[Annotator "Gergely Szabo"]
[PlyCount "98"]
[EventType "swiss"]
[EventRounds "11"]
[EventCountry "GRE"]
[SourceTitle "Chess Canada - Ketchup 1"]
[SourceDate "2017.03.23"]

1. e4 c5 2. c3 d5 3. exd5 Qxd5 4. d4 Nc6 5. Nf3 Bf5 $5 {Diagram [#] A
relatively new line, but one which has produced decent results for Black.} 6.
Be2 (6. Be3 {and}) (6. Na3 {are White's other tries.}) 6... cxd4 7. cxd4 Bxb1
8. Rxb1 e6 (8... Qxa2 $6 {is too risky, e.g.} 9. O-O $146 Qxb1 $2 (9... e6 10.
Ne5 $36) 10. d5 Qe4 11. dxc6 bxc6 (11... Qxc6 12. Ne5 $18) 12. Bd3 $40 {
gives White a raging attack.}) 9. a3 Nf6 10. O-O Bd6 11. Be3 O-O 12. Qd3 Rad8 {
Diagram [#] Black has equalized comfortably, but it's not so easy to break
through. One of the advantages of playing with an IQP is that even if you fail
with your attack (here, White failed with it right before it started), you
still have good defensive chances.} 13. Nd2 Bb8 14. Nb3 b6 $5 {Razvan thought
for around 30 minutes here, trying to create something out of thin air.} (14...
e5 15. Rfd1 exd4 (15... e4 16. Qb5) 16. Bxd4 Qe6 17. Qc4 Nxd4 18. Nxd4 {
is just equal}) 15. Rfd1 {Diagram [#]} Ne5 $1 16. Qb5 ({editor -} 16. dxe5 Qxe5
17. f4 Rxd3 18. fxe5 Rxe3 19. exf6 Rxe2 $17 {White has no comp for the pawn
minus.}) 16... Neg4 17. g3 Nxe3 18. fxe3 Qe4 19. Qd3 Qd5 20. Nd2 Qg5 21. Ne4 $6
{Gives Black unnecessary chances.} ({Better is} 21. Nf3) 21... Nxe4 22. Qxe4 f5
{Diagram [#]} 23. Qxe6+ $2 {A bad mistake.} ({After} 23. Qf3 {Black has a more
pleasant position, and could try to press on by means of} h5 {[%cal Gh5h4]} 24.
Bc4 Rf6 {followed up by h5-h4, but it's far from winning.}) 23... Kh8 24. Kf2
Rde8 25. Qb3 f4 $1 {Razvan doesn't need a second invitation; Black's pieces
crash through White's defences with ease.} 26. exf4 Bxf4 (26... Qh6 {also wins.
}) 27. Bf3 Be3+ 28. Kg2 {Diagram [#]Critical Position} Rxf3 $8 29. Kxf3 Qf5+ (
29... Rf8+ 30. Ke2 Qg4+ 31. Kd3 Qxd4+ 32. Ke2 Rf2+ 33. Ke1 Bd2+ {is quicker,
but here, every road leads to Rome.}) 30. Kg2 Qe4+ 31. Kh3 Re6 32. Qxe6 Qxe6+
33. Kg2 Qe4+ {Diagram [#]} 34. Kh3 Bxd4 35. Rf1 h5 36. Rbe1 Qg4+ 37. Kg2 Bxb2
38. Rf4 Qg6 39. a4 Qc6+ 40. Rfe4 Bf6 {Diagram [#] White could safely resign
here, after reaching the time control.} 41. h4 b5 42. axb5 Qxb5 43. Kh3 a5 44.
g4 hxg4+ 45. Kxg4 a4 46. R1e3 a3 47. Re8+ Kh7 48. Ra8 a2 49. Rxa2 Qc4+ 0-1

[Event "WYCC U12"]
[Site "Porto Carras"]
[Date "2015.11.01"]
[Round "7"]
[White "Wang, Wesley"]
[Black "Hua, Eugene"]
[Result "0-1"]
[WhiteElo "2032"]
[BlackElo "1996"]
[Annotator "Gergely Szabo"]
[PlyCount "70"]
[EventType "swiss"]
[EventRounds "11"]
[EventCountry "GRE"]
[SourceTitle "Chess Canada - Ketchup 1"]
[SourceDate "2017.03.23"]

1. e4 c5 2. Nf3 e6 3. d3 Nc6 4. g3 Qc7 (4... d5 {is more common here.}) 5. Bg2
g6 $6 {Diagram [#]} 6. O-O $6 (6. d4 $1 cxd4 7. Nxd4 {is why Black is usually
avoiding this setup.}) 6... Bg7 7. c3 e5 $6 (7... Nge7 $142) 8. Nbd2 $6 (8. d4
$1 cxd4 9. cxd4 exd4 10. Na3 {gives White good play again.}) 8... Nge7 9. a4
O-O 10. Nc4 d6 11. Be3 h6 12. Qd2 Kh7 {Diagram [#] Now things are back on
track again; the eventual extra tempo White has is not extremely important
here.} 13. b4 cxb4 14. cxb4 d5 $1 {Eugene senses the right moment to strike
back in the center. Waiting wouldn't really have done the trick.} (14... Be6
15. Rac1 Qd7 16. b5 Nd4 17. Bxd4 exd4 18. Rfe1 $14 {gives White a durable plus.
}) 15. exd5 Nxd5 {Diagram [#]} 16. Bc5 $6 {This helps Black coordinate his
forces.} (16. b5 Nxe3 17. Nxe3 Na5 18. Rac1 Qd8 {holds, but it looks a better
try for White.}) 16... Rd8 17. Rab1 b6 18. Be3 e4 $1 {Diagram [#] A bit
paradoxically, Black opens the center while he has two undeveloped pieces. The
bad coordination of the White pieces makes it possible for him to grab the
initiative.} 19. Ne1 Be6 (19... exd3 $1 20. Rc1 Ndxb4 {looks a bit scary, but
it's objectively stronger than the move played in the game.}) 20. b5 Nd4 21.
Bxd4 Bxd4 22. Rc1 exd3 23. Nxd3 Bc3 {Diagram [#]} 24. Bxd5 $4 {White is
panicking, although he could have saved the game.} (24. Qa2 Rac8 ({or} 24...
Bg7 25. Bxd5 Bxd5 26. Nf4 Qb7 27. Nxd5 Qxd5 28. Qa3 $13) 25. Bxd5 Bxd5 26. Rxc3
Bxc4 27. Qa3 $11) 24... Bxd2 25. Nxd2 Qd6 $6 (25... Qxc1 $1 26. Nxc1 Rxd5 27.
Ne4 Rd4 {is simpler.}) 26. Ne4 Qe7 27. Bxa8 Rxa8 28. Rfe1 Bf5 29. Ne5 Qb4 {
Diagram [#]} 30. Nc3 $6 (30. Nc6 {is more stubborn.}) 30... Re8 $1 31. Re3 Qb2
32. Rce1 Rxe5 33. Rxe5 Qxc3 34. Re7 Kg7 35. Rd1 Qf3 0-1

[Event "WYCC U14"]
[Site "Porto Carras"]
[Date "2015.10.25"]
[Round "1"]
[White "Lobanov, Sergei"]
[Black "Xu, Jeffrey"]
[Result "1-0"]
[WhiteElo "2394"]
[BlackElo "1930"]
[Annotator "John Upper"]
[PlyCount "67"]
[EventDate "2015.10.26"]
[EventType "swiss"]
[EventRounds "11"]
[EventCountry "GRE"]
[SourceTitle "Chess Canada - Ketchup 1"]
[SourceDate "2017.03.23"]

{Jeffrey's opponent scored 5.5/6 to lead the tournament, before losing to each
of the three medal-winners, to finish with 7.5 and 10th overall.} 1. e4 e6 2.
d4 d5 3. Nc3 Bb4 4. e5 c5 5. Bd2 {Diagram [#] A side-line that gets no respect
by authors of books on the French defence. In my opinion, for amateurs the
small theoretical advantage it may give up over the extremely theoretical 5.a3
is more than made up by the prep time saved that might well leave White better
prepared than Black for this sideline.} Nc6 ({All the top players continue
like this} 5... Ne7 6. Nb5 Bxd2+ 7. Qxd2 O-O {Analysis Diagram [#] and White
and Black score about 50% on all the main moves:} 8. f4 (8. c3 b6 {slow.} 9. f4
Ba6 10. Nf3 Qd7 11. a4 $14 Nbc6 12. b4 $1 cxb4 13. cxb4 Bb7 14. Nd6 f5 $6 15.
a5 Nc8 16. Nxb7 Qxb7 17. a6 Qf7 18. Bb5 $18 {White already has a winning bind,
and won by tripling on the c-file. (1-0, 31) Alekhine,A-Nimzowitsch,A San Remo,
1930.}) (8. dxc5 Nd7 9. Nf3 Nxc5 10. Bd3 Qb6 11. Rb1 Nxd3+ 12. Qxd3 Bd7 13. Nc3
Rac8 14. O-O Rc4 15. Ne2 Ng6 $15 16. Ned4 $4 Nf4 17. Qe3 Rxd4 18. g3 (18. Nxd4
Qxd4 19. Qxd4 Ne2+ $19) 18... Re4 19. Qxb6 Ne2+ {0-1 Landa,K (2644)-Naiditsch,
A (2710) Haguenau, 2013.}) 8... a6 9. Nd6 cxd4 10. Nf3 Nbc6 11. Bd3 f6 12. O-O
Bd7 $13 {(½-½, 36) Hector,J (2584)-Brynell,S (2495) Lund, 2010.}) 6. Nb5
Bxd2+ 7. Qxd2 Nxd4 8. Nxd4 (8. Nd6+ $6 Kf8 9. O-O-O Nh6 10. Nf3 Nhf5 $15) 8...
cxd4 {Diagram [#]} 9. f4 (9. Qxd4 Ne7 10. Nf3 Nc6 {White has a small but safe
plus in a typical French ending.} 11. Qe3 $1 $14 (11. Qg4 $143 O-O 12. Bd3 f5
13. Qf4 Qb6 14. O-O-O Qxf2 15. Rdf1 Qc5 $15 {(½-½, 60) Gusev,N (2109)
-Sambuev,B (2528) Guelph, 2008.}) 11... d4 $5 {Risky, since it's hard to
defend, but it's a standard French sacrifce to activate the light-square B
before it gets burried.} 12. Qa3 Qe7 13. Qxe7+ Kxe7 14. O-O-O Bd7 15. Bd3 $14 {
and White eventually surrounded and won the d4-pawn in: Macieja,B (2588)
-Ivanov,S (2556) Glogow, 2001 (1-0, 35).}) 9... Qb6 (9... Ne7 10. Nf3 Nc6 11.
O-O-O Bd7 12. h4 a6 13. h5 Qe7 14. h6 g6 15. Kb1 O-O 16. g3 b5 17. Nxd4 (17.
Nh2 $5 {going to g4 then f6 or e5.}) 17... Nxd4 18. Qxd4 b4 19. Bd3 (19. f5 $5)
19... Bb5 20. Rhe1 Rfc8 21. g4 Rab8 22. f5 Bxd3 23. cxd3 b3 $13 {(0-1, 52)
Recuero Guerra,D (2424)-Belov,V (2578) Cappelle-la-Grande, 2008.}) 10. O-O-O (
10. b4 Nh6 11. Nf3 Nf5 12. Bd3 Ne3 13. Kf2 Bd7 14. a4 a6 15. Rhc1 Rc8 16. Kg1
Rc3 17. a5 Qa7 18. Kh1 h6 19. Re1 Nc4 20. Qf2 Ne3 21. Qd2 Nc4 22. Bxc4 Rxc4 23.
Red1 O-O 24. Nxd4 f6 25. c3 fxe5 26. fxe5 Qb8 27. Re1 $11 {(0-1, 84) Hector,J 
(2515)-Hansen,L (2545) Vejle, 1994.}) 10... Ne7 11. Nf3 Nc6 12. g4 Bd7 13. h4
O-O-O 14. h5 Kb8 15. Kb1 f6 $5 (15... h6 {might be safer, but this kingside
structure still slightly favours White, who can create a passer in any KP
ending with f5 and g5.}) 16. h6 fxe5 {Diagram [#]} 17. Nxe5 (17. hxg7 Rhg8 18.
Rxh7 d3 $1 (18... e4 19. Nxd4 Nxd4 20. Qxd4 Qxd4 21. Rxd4 Bc8 (21... Bc6 $2 22.
f5 $18) 22. c4 $1 $16) 19. cxd3 exf4 20. Qxf4+ $14) 17... Nxe5 18. fxe5 gxh6
19. Rxh6 Rdg8 20. Qf4 {Diagram [#]} Qd8 (20... Be8 $1 21. Bd3 Bg6 22. Bxg6 Rxg6
23. Rxg6 hxg6 24. Qf6 $14 {White gets the pawn back and will have a slightly
better structure.}) 21. Rf6 $1 {Now all of Black's pieces are defending pawn
weaknesses.} h6 22. Be2 Rf8 23. Rh1 {It's worth noting that White has played
the entire middlegame without bothering to recapture the pawn on d4.} Rxf6 $6
24. exf6+ $18 Qc7 25. Qxc7+ Kxc7 26. g5 $1 Rf8 27. Rxh6 Kd6 {Diagram [#]} 28.
b4 $1 {Eliminates the back-rank mate and so sets up the following tactic.} a6
29. g6 $1 Rxf6 30. g7 Rxh6 31. g8=Q Rh3 32. Qb8+ Kc6 33. a4 Re3 34. Bd3 1-0

[Event "WYCC U14g"]
[Site "Porto Carras"]
[Date "2015.10.25"]
[Round "1"]
[White "Wang, Constance"]
[Black "Wang, Annie"]
[Result "0-1"]
[WhiteElo "1650"]
[BlackElo "2087"]
[Annotator "John Upper"]
[PlyCount "76"]
[EventType "swiss"]
[EventRounds "11"]
[EventCountry "GRE"]
[SourceTitle "Chess Canada - Ketchup 1"]
[SourceDate "2017.03.23"]

1. e4 e6 {A maneuvering game where both sides stay prepared for their
opponent's pawn breaks, but don't make any of their own until just before the
time control.} 2. d4 d5 3. e5 c5 4. c3 Nc6 5. Nf3 Qb6 6. a3 c4 {Diagram [#]
This isn't the sexy modern ...Nh6 line, as recommended in Watson's Play the
French books. But it's strategically complex, and has been played by Kortchnoi,
Petrosian and Bareev, and it is recommended by Moskalenko in his books on the
French.   Black's idea is to gain queenside space and then overprotect the
light squares with moves like ...Na5 and ...Nge7-c8-b6 and even ...Bd7-a4.
This will guarantee that White cannot break on the queenside without giving
Black's pieces control and use of the light squares, especially c4. Since it
would be foolish for White to break on the queenside, Black will castle long
and all the pawn play will be on the kingside. White has more space on the
kingside, but will castle that way too, and any pawn breaks (f4-f5 or ..f6)
might open lines for Black to attack.} 7. g3 Na5 8. Nbd2 Bd7 9. h4 {Diagram [#]
} Ne7 {Black follows the Moskalenko regrouping described above, but there's
another more combative option:} (9... O-O-O 10. Bh3 f5 11. exf6 gxf6 12. O-O
Nh6 13. Re1 Nf5 $15 (13... Rg8 $15) 14. Rb1 Bd6 15. Nf1 Rdg8 16. Ne3 $2 Nxg3 $1
17. fxg3 Rxg3+ 18. Bg2 Rhg8 19. Rf1 Be8 $1 $19 {(½-½, 38) Svidler,P (2727)
-Fedoseev,V (2659) Berlin (rapid), 2015.}) 10. Bh3 {Diagram [#] White knows
what she's doing: h2-h4 gains space and creates the possiblity of further pawn
breaks with h4-h5-h6, and the B is more active here than on e2 or g2.} Qc7 (
10... h6 11. h5 Nc8 12. O-O Qc7 13. Ne1 Nb6 14. Qe2 O-O-O 15. Ng2 Be7 16. Rb1
Rdg8 17. f4 g6 {Is a typical example of both side's setups; Svidler,P (2749)
-Andreikin,D (2715) Moscow, 2012 (0-1, 43).}) 11. O-O Nc8 12. Ne1 Nb6 13. f4
Be7 14. Qf3 g6 15. Ng2 O-O-O 16. Rb1 h6 17. Qf2 {Diagram [#]} Nb3 (17... Ba4 {
hoping come out on the other side of the pawn chain through c2,} 18. Nf3 Kb8
$13) 18. Bg4 (18. Nxb3 cxb3 19. Bg4 (19. g4 Bb5 $15) 19... Bb5 $11) 18... Nxd2
19. Bxd2 Rdg8 20. Qe2 Rg7 21. Kh2 Kb8 22. Rf2 {Diagram [#]It's the same pawn
structure as the previous diagram, as both players are well set to react to
the only reasonable pawn breaks in tohe position on the f g and h-files.} Rgh7
$5 {Black may have decided to make this her Nimzovich tribute game.} 23. Rbf1
a6 (23... h5 {seems to leave Black with a well-clogged kingside and some
opportunities on the queenside.}) 24. Bh3 (24. h5 Rg8 $13) 24... Be8 25. Bg4 g5
26. f5 $6 (26. h5 $142 gxf4 27. gxf4 $14) {[#]Diagram} 26... gxh4 $2 (26... h5
$142 $1 27. f6 hxg4 28. fxe7 gxh4 29. Nxh4 f5 $1 $40 30. exf6 $140 $4 Rxh4+ $19
) 27. Nxh4 exf5 28. Bxf5 Rg7 29. Bf4 Ka7 30. Bh3 {Diagram [#]} Bxh4 $2 {
This would be a good trade if Black's B was on e6, since then White's DSB
would be blocked out of the game. But here White's e5 pawn can move, which
opens up the DSB, and Black will miss her DSB.} (30... Bg5 $142) 31. gxh4 Qd8 {
Diagram [#]} 32. h5 $2 $11 {saves the pawn, but both players must have missed
e5-e6, a winning clearance sacrfice which makes White's dark-square B a game
winner.} (32. e6 $1 $18 fxe6 (32... Qxh4 $2 33. Qe5 $18) 33. Be5 $18) ({Or} 32.
Rg2 Rxg2+ 33. Qxg2 Qxh4 34. e6 $8 fxe6 $140 35. Be5 $18) 32... Qh4 $11 33. Rg2
Rhg8 $2 (33... Rxg2+ $142 $11 34. Qxg2 Bd7 $11) 34. Rxg7 Rxg7 {Diagram [#]} 35.
Qf3 $2 (35. e6 $1 {again, the clearance sacrifice, this time with the threat
of Qe5.}) (35. Qf2 Qxh5 36. Qf3 $11) 35... Bd7 36. Rc1 $4 (36. Bd2 $13) (36.
Rd1 $4 Bg4 $19) 36... Bxh3 $19 {winning a piece.} 37. Qxh3 Qf2+ (37... Qxf4+
$19 {gets the B and the Rc1.}) 38. Kh1 Qxf4 0-1